00000000nam 2200000zi 4500
0019.943308
003CaOODSP
00520250205090227
006m     o  d f      
007cr mn|||||||||
008240917t20242024onc     o    f000 0 eng d
020 |a9780660736808 |q(findings report)
020 |a9780660736815 |q(executive summary)
040 |aCaOODSP|beng|erda|cCaOODSP
043 |an-cn---
045 |ay2y2
0861 |aRv4-206/2024E-PDF
0861 |aRv4-206/2024-1E-PDF
24500|aDigitally enhanced security and service for businesses project : |bfindings report / |cprepared for the Canada Revenue Agency.
24617|aCanada Revenue Agency - digitally enhanced security and service for businesses project
264 1|aOttawa, Ontario : |bCanada Revenue Agency = Agence du revenue du Canada, |c2024.
264 4|c©2024
300 |a1 online resource (58 pages) + |esummary (3 pages)
336 |atext|btxt|2rdacontent
337 |acomputer|bc|2rdamedia
338 |aonline resource|bcr|2rdacarrier
500 |aIssued also in French under title: Projet de sécurité et de service améliorés par voie numérique pour les entreprises : rapport sur les constatations.
500 |a"Supplier: Ipsos."
500 |a"Contract number: CW2354937."
500 |a"Delivery date: September 9, 2024."
500 |a"Registration number: POR 139-23."
500 |aThe publication file in PDF format was replaced on 05-02-2024 as requested by Canada Revenue Agency.
650 0|aTaxpayer account numbers|zCanada|xPublic opinion.
650 0|aBusiness enterprises|xTaxation|zCanada|xPublic opinion.
650 0|aPublic opinion|zCanada.
7102 |aCanada Revenue Agency, |eissuing body.
7102 |aIpsos (Firm). |bPublic Affairs, |econsultant.
77508|tProjet de sécurité et de service améliorés par voie numérique pour les entreprises : |w(CaOODSP)9.943312
85640|qPDF|s1.37 MB|uhttps://publications.gc.ca/collections/collection_2025/arc-cra/Rv4-206-2024-eng.pdf|z(findings report)
85640|qPDF|s270 KB|uhttps://publications.gc.ca/collections/collection_2025/arc-cra/Rv4-206-2024-1-eng.pdf|z(executive summary)
8564 |qHTML|sN/A|uhttps://epe.bac-lac.gc.ca/100/200/301/pwgsc-tpsgc/por-ef/canada_revenue_agency/2024/139-23-e/139-23-report.html|z(findings report)
8564 |qHTML|sN/A|uhttps://epe.bac-lac.gc.ca/100/200/301/pwgsc-tpsgc/por-ef/canada_revenue_agency/2024/139-23-e/summary/139-23-summary.html|z(executive summary)
8564 |qHTML|sN/A|uhttps://epe.bac-lac.gc.ca/100/200/301/pwgsc-tpsgc/por-ef/canada_revenue_agency/2024/139-23-e/index.html|z(complete dataset)